| 000 | 00570nam a2200205Ia 4500 | ||
|---|---|---|---|
| 999 |
_c36463 _d36463 |
||
| 001 | 2378 | ||
| 003 | GE_BSU | ||
| 005 | 20221025104028.0 | ||
| 008 | 181216s2009ru xx |||||||||||||| ||rus|| | ||
| 040 | _cGE_BSU | ||
| 041 | _arus | ||
| 050 | _a97859110300391 | ||
| 080 | _a821.112.2 K 93 | ||
| 100 |
_aКурбан, Саид. _915510 |
||
| 245 |
_aАли и Нино: _b Роман / _cСаид Курбан. |
||
| 264 |
_aМосква : _bАдмаргинем Пресс, _c2009. |
||
| 300 |
_a336 с. : _b19 см. |
||
| 653 | _aАли и Нино | ||
| 942 |
_cBK _2udc |
||